| 000 | 00440nam a2200181Ia 4500 | ||
|---|---|---|---|
| 003 | LK-CoDNM | ||
| 005 | 20241209102411.0 | ||
| 008 | 010623t xxu||||| |||| 00| 1 eng d | ||
| 040 |
_aLK-CoDNM _dLK-CoDNM _eLK-CoDNM |
||
| 041 | _aeng | ||
| 080 | _a294.3 | ||
| 100 | _aIndrapala,K. | ||
| 245 | _aHindu Temples of Ancient Ceylon | ||
| 260 |
_bSutantiran Press _aColombo |
||
| 300 | _b8p. : 21 cm | ||
| 650 | _aAncient Ceylon | ||
| 942 | _cBK | ||
| 999 |
_c134586 _d134586 |
||